Word Ladder: Leonardo's Works Quiz Stats

 Plays Quiz Updated Jan 3, 2015

Challenge
Share
Tweet
Embed
Score 0/27 Timer 03:00
0 Plays Today
Hint 4-Letter Word % Correct
MaizeCORN
97.4%
Metallic currencyCOIN
97%
First part of dayMORN
96.5%
❦ c. 1508–16, St. ____ the Baptist ❦JOHN
96.3%
Bring togetherJOIN
96.3%
❦ c. 1495–8, The ____ Supper ❦LAST
92.9%
Speed contestRACE
92%
Santa's naughty/nice documentLIST
91.9%
Tall pole for sailsMAST
91.4%
Going it by oneselfLONE
90.4%
Violent, uncontrollable angerRAGE
89.5%
Road construction markerCONE
86.6%
Grain used in brewingMALT
82.4%
Not have enoughLACK
77.7%
Hint 4-Letter Word % Correct
Country in western AfricaMALI
77.5%
Storage frameworkRACK
76.6%
Vein of metal ore LODE
67.4%
UCLA football coach JimMORA
65%
❦ c. 1479–81, Adoration of the ____MAGI
64.2%
❦ c. 1503–16, ____ [Last Rung] ❦MONA
60.2%
McCarthy lawyer RoyCOHN
60.2%
Grain (i.e. African finger millet)RAGI
60.1%
❦ c. 1503–16, [First Rung] ____LISA
59.6%
Place cargo on a shipLADE
58.7%
Of fabric, fine and openLACY
58.3%
Joe Louis boxing foe BillyCONN
57.2%
❦ c. 1490, ____ with an Ermine ❦LADY
55.2%

Today's Daily Dose

You're not logged in!

Compare scores with friends on all Sporcle quizzes.
Join for Free
OR
Log In

You Might Also Like...

Show Comments

Extras

Top Quizzes Today


Score Distribution

Your Account Isn't Verified!

In order to create a playlist on Sporcle, you need to verify the email address you used during registration. Go to your Sporcle Settings to finish the process.

Report this User

Report this user for behavior that violates our Community Guidelines.

Details: